Systems and theories in psychology / (Record no. 542013)
[ view plain ]
| 000 -LEADER | |
|---|---|
| fixed length control field | 00648pam a2200205 a 4500 |
| 020 ## - INTERNATIONAL STANDARD BOOK NUMBER | |
| International Standard Book Number | 0070406804 : |
| 082 00 - DEWEY DECIMAL CLASSIFICATION NUMBER | |
| Classification number | 150.19 |
| Author Mark | MAR |
| -- | N-01,P-156 |
| 100 1# - MAIN ENTRY--PERSONAL NAME | |
| Personal name | Marx, Melvin Herman. |
| 9 (RLIN) | 37090 |
| 245 10 - TITLE STATEMENT | |
| Title | Systems and theories in psychology / |
| Statement of responsibility, etc. | Melvin H. Marx, W.A. Cronan-Hillix. |
| 250 ## - EDITION STATEMENT | |
| Edition statement | ed. |
| 260 ## - PUBLICATION, DISTRIBUTION, ETC. | |
| Place of publication, distribution, etc. | New York : |
| Name of publisher, distributor, etc. | McGraw-Hill, |
| Date of publication, distribution, etc. | c1987. |
| 300 ## - PHYSICAL DESCRIPTION | |
| Extent | xvi, 488 p. : |
| Other physical details | ill. ; |
| Dimensions | 25 cm. |
| 500 ## - GENERAL NOTE | |
| General note | Includes indexes. |
| 526 ## - STUDY PROGRAM INFORMATION NOTE | |
| Program name | 0 |
| Interest level | 0 |
| Reading level | 0 |
| Title point value | 150_190000000000000_MAR |
| 526 ## - STUDY PROGRAM INFORMATION NOTE | |
| Program name | 0 |
| Interest level | 0 |
| Reading level | 0 |
| Title point value | 150_190000000000000_MAR |
| 650 #0 - SUBJECT ADDED ENTRY--TOPICAL TERM | |
| Topical term or geographic name entry element | NUST |
| 9 (RLIN) | 6342 |
| 650 #0 - SUBJECT ADDED ENTRY--TOPICAL TERM | |
| Topical term or geographic name entry element | Psychology |
| General subdivision | Philosophy. |
| 9 (RLIN) | 37091 |
| 700 2# - ADDED ENTRY--PERSONAL NAME | |
| Personal name | Hillix, William A. |
| 9 (RLIN) | 37092 |
| 942 ## - ADDED ENTRY ELEMENTS (KOHA) | |
| Source of classification or shelving scheme | |
| Koha item type | Book |
| Withdrawn status | Lost status | Source of classification or shelving scheme | Damaged status | Not for loan | Permanent Location | Current Location | Date acquired | Total Checkouts | Full call number | Barcode | Date last seen | Price effective from | Koha item type |
|---|---|---|---|---|---|---|---|---|---|---|---|---|---|
| Military College of Engineering (MCE) | Military College of Engineering (MCE) | 09/17/2013 | 150.19 MAR | MCE-39189 | 09/17/2013 | 09/17/2013 | Book | ||||||
| Military College of Engineering (MCE) | Military College of Engineering (MCE) | 09/17/2013 | 150.19 MAR | MCE-39190 | 09/17/2013 | 09/17/2013 | Book |
